Supervisión de las obras de mejoramiento del camino Wapí - El Tortuguero, fase III, longitud 32 Km
Presenta documento con tema supervisión de las obras de mejoramiento del camino Wapí - El Tortuguero, fase III, longitud 32 Km en el cual se realizó revisión del diseño geométrico del tramo de carreteras aplicando los parámetros de diseño de proyecto y manual Centroamericano de normas así c...
| Main Author: | |
|---|---|
| Other Authors: | |
| Format: | Tesis Section = Libro |
| Language: | Undetermined Spanish |
| Published: |
Managua
UNI
2015
|
| Subjects: |
| LEADER | 01323nam a2200277Ia 4500 | ||
|---|---|---|---|
| 008 | 240830s9999 xx 000 0 und d | ||
| 040 | |a BIBLIOTECA-RUPAP Mon 625.7 O61 | ||
| 041 | |a spa | ||
| 082 | |a Mon 625.7 O61 | ||
| 100 | 1 | |a Oporta Muntianu, William Alexander | |
| 245 | 1 | 0 | |a Supervisión de las obras de mejoramiento del camino Wapí - El Tortuguero, fase III, longitud 32 Km |
| 260 | |a Managua |b UNI |c 2015 | ||
| 300 | |a 66 p. :il. | ||
| 500 | |a Contiene anexos y CD | ||
| 502 | |a Tesis (Ingeniero Civil)- UNI, 2015. | ||
| 520 | 3 | |a Presenta documento con tema supervisión de las obras de mejoramiento del camino Wapí - El Tortuguero, fase III, longitud 32 Km en el cual se realizó revisión del diseño geométrico del tramo de carreteras aplicando los parámetros de diseño de proyecto y manual Centroamericano de normas así como la proyección de las estructuras de drenaje menor y las propuestas del diseño de planta, perfil y sección del tramo de carretera. | |
| 650 | 7 | |a CAMINOS - DISEÑO Y CONSTRUCCION | |
| 650 | 7 | |b DISEÑO GEOMETRICO | |
| 650 | 7 | |c DISEÑO VIAL | |
| 650 | 7 | |d PAVIMENTOS - DISEÑO | |
| 650 | 7 | |e ESTRUCTURAS DE PAVIMENTOS | |
| 650 | 7 | |f PRACTICAS PROFESIONALES | |
| 700 | 1 | |a Tutor: |b Reyes Romero, Claudia Verónica | |
| 942 | |c BK |2 ddc | ||
| 991 | |a TESIS | ||
| 999 | |c 15986 | ||